00409nam a2200157Ia 4500008004100000020001800041082001400059100002500073245002000098250000800118260003800126300002400164500001900188600003300207650001100240240925s9999 xx 000 0 und d a9789332536524 a174.4 DEG aDegeotge ,Richard T. 0aBusiness Ethics a7th aIndia:bPearson Educationc,2015. a661p.bNAfOriginal aIncludes Index aHumanities & Natural Science aEthics